| 000 | 01139nas a2200253Ia 4500 | ||
|---|---|---|---|
| 001 | R144/C1065 | ||
| 003 | IT-RoPAU | ||
| 008 | 151124c99999999xx |||||||||||| ||und|| | ||
| 040 | _aIT-RoPAU | ||
| 040 | _cIT-RoPAU | ||
| 041 | _aFRANCESE | ||
| 100 |
_aMusso Pierre _gCodice Aut. SPICS: 17552 |
||
| 210 | _aQUADERNI-LA REVUE DE LA COMMUNICATION | ||
| 222 | _aQuaderni-La Revue De La Communication | ||
| 245 |
_aQUADERNI, N.019 (1993) - ENJEUX EUROPEENS DE LA COMMUNICATION _bAudiovisuel Et Telecommunications En Europe: Quelles Recompositions? |
||
| 250 | _a1a ed. | ||
| 260 |
_aCOLOMBES (FRANCIA) _bAZ PRESSE _c1993 |
||
| 501 |
_bPaulus - SPICS - Società San Paolo EM (non-commercial uses only) _cCopyright2015 |
||
| 300 | _a23 p. [59-81] | ||
| 362 | _aN.019 (1993) - ENJEUX EUROPEENS DE LA COMMUNICATION | ||
| 500 | _aAudiovisivo e Telecomunicazioni in Europa: Quale Ricomposizione? Non sono Ne' la Cultura e Ne' la Tecnica a Fondare L'Europa della Comunicazione. Politica della Cee. Regolamentazione Delle Telecomunicazioni Segue Quella dell'Audiovisivo. | ||
| 650 |
_aCOMUNICAZIONE _vPUBBLICAZIONE PERIODICA |
||
| 942 | _cCR | ||
| 999 |
_c188689 _d188689 |
||